LEADER 02059nam2 2200421 i 450 001 PUV0509578 005 20231121125616.0 010 $a8822247922 020 $aIT$b2000-2257 100 $a20011001d1999 ||||0itac50 ba 101 | $agrc$aita 102 $ait 181 1$6z01$ai $bxxxe 182 1$6z01$an 200 0 $a1.1.[3.]: Nicolaus Damascenus-Platonis fragmenta 210 $aFirenze$cL. S. Olschki$d1999 215 $aLXXI, 480 p.$d24 cm 300 $aCon la trad. italiana 300 $aIn testa al front.: Unione accademica nazionale; Accademia toscana di scienze e lettere La Colombaria 462 1$1001VEA0019561$12001 $a˜1: œAutori noti$v1.1.[3] 606 $aPapiri filosofici$2FIR$3RMLC379249$9I 676 $a481.1$9GRECO CLASSICO. Sistemi di scrittura$v21 712 02$aAccademia toscana di scienze e lettere La Colombaria$3CFIV007764 712 02$aUnione accademica nazionale$3CFIV023407 791 02$aAccademia La Colombaria$3CFIV117946$zAccademia toscana di scienze e lettere La Colombaria 791 02$aSocietà Colombaria fiorentina$3UBOV755988$zAccademia toscana di scienze e lettere La Colombaria 791 02$aUAN$c $3CFIV332787$zUnione accademica nazionale 791 02$aUnion Académique Internationale$3CFIV334773$zUnione accademica nazionale 801 3$aIT$bIT-01$c20011001 850 $aIT-RM0289 $aIT-RM0418 $aIT-FR0017 899 $aBiblioteca Statale A. Baldini$bRM0289 899 $aBIBLIOTECA ACCADEMIA NAZ. DEI LINCEI E CORSINIANA$bRM0418 899 $aBiblioteca umanistica Giorgio Aprea$bFR0017 $eN 912 $aPUV0509578 950 2$aBiblioteca umanistica Giorgio Aprea$d 52S.SIJ. E1 CPF 1.1.3A$e 52FLS0000226355 VMN RS $fC $h20150616$i20150616$d 52MAG 3/75.1.1.3A$e 52FLS0000253105 VMN RS $fA $h20150618$i20150618 977 $a 04$a 10$a 52 996 $a1.1.: Nicolaus Damascenus-Platonis fragmenta$93613974 997 $aUNICAS